Statystyki dla Mięśnie klatki piersiowej - 2

Kliknij tutaj aby rozwiązać quiz!

Ogólne statystyki

  • Ten quiz został rozwiązany 8 razy
  • Średni wynik to 10 z 15

Statystyki odpowiedzi

HintOdpowiedź% Poprawnych
PrzeponaDiaphragm
100%
Mięsień międzyżebrowy zewnętrzny prawy lub lewyRight or left external intercostal muscle
100%
Mięsień międzyżebrowy wewnętrzny prawy lub lewyRight or left internal intercostal muscle
100%
Mięsień piersiowy mniejszy prawy lub lewyRight or left pectoralis minor
100%
Więzadło płucne prawe lub leweRight or left pulmonary ligament
100%
Mięsień zębaty przedni prawy lub lewyRight or left serratus anterior
100%
Rozwór aortowy przeponyAortic hiatus of diaphragm
50%
Otwór żyły głównej przeponyCaval opening of diaphragm
50%
Środek ścięgnisty przeponyCentral tendon of diaphragm
50%
Opłucna żebrowa prawa lub lewaCostal part of right or left parietal pleura
50%
Rozwór przełykowy przeponyEsophageal hiatus of diaphragm
50%
Osklepek opłucnej prawej lub lewejRight or left cervical pleura (dome of pleura)
50%
Opłucna trzewna (płucna) prawa lub lewaRight or left visceral pleura (pulmonary pleura)
50%
Brzeg przedni płuca prawego lub lewegoAnterior border of right or left lung
0%
Opłucna przeponowa prawa lub lewaDiaphragmatic part of right or left parietal pleura
0%

Rozkład punktacji

Percentyl według liczby udzielonych odpowiedzi

Procent ludzi z każdym wynikiem

Twoja historia wyników

Nie rozwiązałeś tego quizu